000 00773cab a2200229 4500
001 WB3213-39
008 090401t1996 xxu||||| |||| 00| 0 eng d
035 _a(Sirsi) u60718
041 _aeng
245 _aInsurance policy for contaminated land
260 _c1996
350 _a0
490 _aHerald
_v28 March 1996, 11(1)
520 _aAn insurance scheme to encourage redevelopment of contaminated land is launched by two Yorkshire companies. The policy will ensure that landowners who invest in remediation of a site have no further liability.
650 _aCONTAMINATED LAND
650 _aINSURANCE POLICIES
650 _aREDEVELOPMENT
690 _aENVIRONMENTAL AND LAND CONSULTANCY
690 _aINSURANCE
_96249
942 _n0
948 _c04/03/1997
999 _c37513
_d37513